Missing Word: 'U' Names Quiz Stats

 Plays Quiz Updated Jun 20, 2018

Challenge
Share
Tweet
Embed
Score 0/24 Timer 02:00
3 Plays Today
Full Name Missing Name % Correct
_____ ThurmanUma
90.1%
Carrie _____Underwood
85.5%
_____ S. GrantUlysses
84.1%
Keith _____Urban
78.5%
_____ BoltUsain
65.1%
_____ MiltieUncle
63%
_____ SinclairUpton
59.4%
Tracey _____Ullman
56%
Johnny _____Unitas
55.8%
_____ VioletUltra
47.3%
Al _____Unser
47.2%
John _____Updike
38.4%
Full Name Missing Name % Correct
_____ Kid JoeUgly
35.4%
Leon _____Uris
32.5%
Robert _____Urich
28.5%
Peter _____Ustinov
27.8%
_____ RaymondUsher
27.5%
Bob _____Uecker
27.1%
_____ PendragonUther
24.8%
_____ K. Le GuinUrsula
24.8%
Mr. _____Underhill
17.3%
_____ HusseinUday
14%
Peter _____Ueberroth
9.5%
Guillermo _____Ugarte
2%

Today's Daily Dose

You're not logged in!

Compare scores with friends on all Sporcle quizzes.
Join for Free
OR
Log In

You Might Also Like...

Show Comments

Extras

Top Quizzes Today


Score Distribution

Your Account Isn't Verified!

In order to create a playlist on Sporcle, you need to verify the email address you used during registration. Go to your Sporcle Settings to finish the process.

Report this User

Report this user for behavior that violates our Community Guidelines.

Details: